Statistics for NBA Players with ten 50-point games

Click here to take the quiz!

General Stats

  • This quiz has been taken 23 times
  • The average score is 8 of 11

Answer Stats

GamesPlayer% Correct
31Michael Jordan
100%
13Steph Curry
100%
25Kobe Bryant
95%
118Wilt Chamberlain
95%
14LeBron James
90%
23James Harden
85%
10Kareem Abdul-Jabbar
85%
11Allen Iverson
65%
15Damian Lillard
60%
17Elgin Baylor
45%
14Rick Barry
20%

Score Distribution

Percentile by Number Answered

Percent of People with Each Score

Your Score History

You have not taken this quiz